Ukrajina robí reparát z revolúcie

Deväť rokov po oranžovej revolúcii z januára 2005 si Ukrajinci opäť vynútili zmenu režimu. Terčom hnevu bol znovu prezident Viktor Janukovyč. Ignoroval pouličné demonštrácie a dopustil násilné krvavé konfrontácie. Ikona oranžovej revolúcie Julia Tymošenková bola prepustená z väzenia. Ukrajinu čakajú...

Descrizione completa

Salvato in:
Dettagli Bibliografici
Autore principale: Pressburg, Adrian Peter
Natura: Capitolo di libro
Lingua:slovacco
Soggetti:
Tags: Aggiungi Tag
Nessun Tag, puoi essere il primo ad aggiungerne!!

MARC

LEADER 00000naa a2200000 4500
001 0182951
005 20231113100814.6
041 0 |a slo 
044 |a SK 
245 1 0 |a Ukrajina robí reparát z revolúcie  |c Adrian Peter Pressburg 
520 |a Deväť rokov po oranžovej revolúcii z januára 2005 si Ukrajinci opäť vynútili zmenu režimu. Terčom hnevu bol znovu prezident Viktor Janukovyč. Ignoroval pouličné demonštrácie a dopustil násilné krvavé konfrontácie. Ikona oranžovej revolúcie Julia Tymošenková bola prepustená z väzenia. Ukrajinu čakajú voľby novej vlády. 
610 2 0 |a politika vnútorná 
610 2 0 |a demonštrácie 
610 2 0 |a konflikty 
610 2 0 |a revolúcia 
610 2 0 |a Ukrajina 
100 1 |a Pressburg, Adrian Peter